00454nam a2200205Ia 4500003000900000008004100009040001300050040001300063041000800076100001700084100000800101245006400109250001200173260001500185260000900200300001100209300001000220490000900230490000900239IT-RoPAU120407s9999 xx 000 0 und d aIT-RoPAU cIT-RoPAU aita aPeter Eicher ced. aLa controversia sui chierici. La sfida di Eugen Drewermann. aBrescia aQueriniana c1991 a260 p. c20 cm aGdt. v1203